| 000 | 01094nam a2200301 a 4500 | ||
|---|---|---|---|
| 001 | 35498 | ||
| 003 | BD-RjUL | ||
| 005 | 20211209052331.0 | ||
| 008 | 870820s1988 ii a b 101 0 eng | ||
| 020 | _a0803995458 | ||
| 035 | _a(BD-RjUL)35592 | ||
| 040 |
_aDLC _cDLC _dDLC _dBD-RjUL _beng |
||
| 041 | _aeng | ||
| 082 | 0 | 0 |
_a304.640954 _219 _bINF 1988 |
| 245 | 0 | 0 |
_aInfant mortality in India : _bdifferentials and determinants / _cedited by Anrudh K. Jain and Pravin Visaria. |
| 260 |
_aNew Delhi ; _aNewbury Park, Calif. : _bSage Publications, _c1988. |
||
| 300 |
_a398 p. : _bill. ; _c23 cm. |
||
| 504 | _aBibliography: p. [375]-388. | ||
| 504 | _aIncludes index. | ||
| 650 | 0 |
_aInfants _xMortality _zIndia _vCongresses. _9108122 |
|
| 700 | 1 |
_aJain, Anrudh K. _9108123 |
|
| 700 | 1 |
_aVisaria, Pravin M. _9108124 |
|
| 856 | 4 | 2 |
_3Publisher description _uhttp://www.loc.gov/catdir/enhancements/fy0657/87022486-d.html |
| 856 | 4 | 1 |
_3Table of contents only _uhttp://www.loc.gov/catdir/enhancements/fy0657/87022486-t.html |
| 942 |
_2ddc _cBK |
||
| 999 |
_c35498 _d35498 |
||